000 00872nam a2200253Ia 4500
003 OSt
005 20201006163550.0
008 191128s1985 ck gr 000 0 spa d
020 _a9580404666
040 _aCO-JMCR
_cCO-JMCR
041 0 _aspa
082 0 4 _a657.42 /
_bH279c
_223
100 1 _aHargadon, Bernard Joseph,
_e autor
_911302
245 1 0 _aContabilidad de costos /
_cBernard Joseph Hargadon
260 _aBogotá :
_bNorma,
_c1985.
300 _a313 páginas ;
_c24 cm.
300 _c 24 cm
500 _aIncluye datos biográficos del autor en solapa posterior.
505 0 _aIntroducción a la contabilidad de costos -- Costos por ordenes deproducción -- Costo por ordenes de producción -- Costos por ordenes de producción
650 2 4 _aContabilidad de costos
_97269
650 2 4 _aProducción
_95122
650 2 4 _aCostos
_911303
942 _2ddc
_cBK
999 _c4604
_d4604